Educar es transmitir la sabiduría: El reto de la Universidad en formar para la vida y el desarrollo (Registro nro. 62569)
[ vista simple ]
| 000 -LÍDER | |
|---|---|
| Campo fijo de descripción fija | 008810000a22001330004500 |
| 100 1# - ASIENTO PRINCIPAL--NOMBRE PERSONAL | |
| Nombre personal | García, Saúl Ernesto |
| 245 10 - TÍTULO | |
| Título del Material | Educar es transmitir la sabiduría: El reto de la Universidad en formar para la vida y el desarrollo |
| 300 ## - DESCRIPCIÓN FÍSICA | |
| Extensión | Vol.0, núm.2 ( , 2005), Páginas 42-50 |
| 500 ## - NOTA GENERAL | |
| Nota General | El autor destaca la importancia de mantener el equilibrio de la transmisión de la sabiduría que sale de la ciencia, y la sabiduría que proviene de la filosofía y la espiritualidad. |
| 650 14 - ASIENTO SECUNDARIO DE MATERIA - TERMINO TEMÁTICO | |
| Término temático o nombre geográfico como elemento de entrada | EDUCACIÓN SUPERIOR-SABIDURÍA |
| 773 0# - HOST ITEM ENTRY | |
| Title | Perfiles: revista de la comunidad académica UDES |
| 942 ## - TIPO DE MATERIAL (KOHA) | |
| Tipo de Item KOHA | Artículos de Revista |
| Estado de Material | Estado de Perdido | Estado de Dañado | No para Préstamo | Colección | Biblioteca de Origen | Biblioteca Permanente | Fecha de Adquisición | Total de Préstamos | Signatura Topográfica | Última vez visto | Fecha de Remplazo | Tipo de Material |
|---|---|---|---|---|---|---|---|---|---|---|---|---|
| Colección de Hemeroteca | Biblioteca FUSBC | Biblioteca FUSBC | 26/01/2016 | 26/01/2016 | 26/01/2016 | Artículos de Revista |
